Türkiye emekli profili (Record no. 3913)

MARC details
000 -BAŞLIK
Sabit Uzunlukta Kontrol Alanı 00638na a2200229 4500
001 - KONTROL NUMARASI
Denetim Alanı 18066
003 - KONTROL NUMARASI IDENTIFIER
Denetim Alanı MIRAKIL
005 - SON İŞLEM TARİHİ VE ZAMANI
Denetim Alanı 20181213154947.0
008 - SABİT-BOY VERİ ELEMANLARI - GENEL BİLGİLER
Sabit Uzunlukta Kontrol Alanı 161110b tu 000 0
040 ## - KATALOGLAMA KAYNAK
Orijinal Kataloglama Ajansı Milas
Kataloglama Dili tur
Metne Dönüştürmek Ajansı TR-AnCHP
041 ## - DİL KODU
Metin / Ses Parça Veya Ayrı Başlığın Dil Kodu tur
082 ## - DEWEY ONLU SINIFLANDIRMA NUMARASI
Sınıflandırma Numarası 306.38
Ürün Numarası A66t 2012
090 ## - SINIFLAMA NUMARASI
Sınıflama Numarası 306.38 A66t 2012
100 ## - ANA GİRİŞ - KİŞİSEL İSİM
Kişisel Ad Arpacı, Fatma
245 ## - BAŞLIK TABLOSU
Başlık Türkiye emekli profili
Sorumluluk Tablosu, Vb Fatma Arpacı
260 ## - YAYIN, DAĞITIM, VB
Yayın, Dağıtım, Vb Yeri Ankara
Yayıncı, Dağıtıcı, Vs Adı Türkiye Emekliler Derneği
Yayın, Dağıtım, Vb Tarihi 2012
300 ## - FİZİKSEL TANIM
Kapsam 156 s.
Diğer Fiziksel Ayrıntıları tbl.
Boyutlar 23 sm.
440 ## - SERİSİ TABLOSU / KATMA GİRİŞİ - BAŞLIK
Başlık Eğitim ve Kültür Yayınları
650 ## - KONU KATMA GİRİŞ - TOPİKAL DÖNEM
Topikal Süreli Veya Coğrafi Ad Giriş Elemanı Emekliler
Genel Alt Bölümü Araştırma ve inceleme
650 ## - KONU KATMA GİRİŞ - TOPİKAL DÖNEM
Topikal Süreli Veya Coğrafi Ad Giriş Elemanı Emeklilik
Genel Alt Bölümü Türkiye
942 ## - EKLENDİ GİRİŞ ELEMANLARI (KOHA)
Sınıflandırma Veya Raf Düzeni Kaynak Dewey Decimal Classification
Koha Öğesi Türü Books
999 ## - SİSTEM KONTROL NUMARALARI (KOHA)
Koha Biblionumber 3913
Koha Biblioitemnumber 3913
Holdings
Kalıcı Konum Mevcut Konum Edinme Tarihi Edinim Kaynak Toplam Check-Out'Lar Tam Çağrı Numarası Barkod Tarih Son Görülme İtibaren Geçerli Fiyatlar Koha Öğesi Türü Kopya Sayısı
CHP Kütüphanesi CHP Kütüphanesi 11/10/2016 Bağış   306.38 A66t 2012 008577 11/10/2016 11/10/2016 Books  
CHP Kütüphanesi CHP Kütüphanesi 01/18/2017 Bağış   306.38 A66t 2012 012513 01/18/2017 01/18/2017 Books k.2